00942pab a2200157 454500008004000000100001800040245004600058260000900104300001500113362001200128520053700140650002600677650001700703650002000720773004400740180718b1998 xxu||||| |||| 00| 0 eng d aHaragopal, G. aGood governance: Human rights perspective c1998 ap.297-306. aJul-Sep aThe author traces origin of human rights thrust and emphases placed thereon by political thinkers to facilitate understanding of the concept vis-a-vis role of State. He then discusses various declarations/convention, etc., issued by international agencies to safeguard human rights globally, prescribing role of nation state in upholding there. He then critically discusses the Indian scenario in this regard and stresses the need for a transformative agenda to assess success/failure in moving towards good governance. - Reproduced aPublic administration aHuman rights aGood governance aIndian Journal of Public Administration